Aikido: the essential guide to mastering the art (Record no. 30720)

MARC details
000 -LEADER
fixed length control field 00598nam a2200157 a 4500
008 - FIXED-LENGTH DATA ELEMENTS--GENERAL INFORMATION
fixed length control field 150901s2004 ||||||||||||||||| || u
020 ## - INTERNATIONAL STANDARD BOOK NUMBER
International Standard Book Number 1843305917
050 ## - LIBRARY OF CONGRESS CALL NUMBER
Classification number GV 1114.35 All
100 ## - MAIN ENTRY--PERSONAL NAME
Personal name Allemann, Bruce
245 10 - TITLE STATEMENT
Title Aikido: the essential guide to mastering the art
Statement of responsibility, etc. by Bruce Allemann
260 ## - PUBLICATION, DISTRIBUTION, ETC.
Place of publication, distribution, etc. London:
Name of publisher, distributor, etc. New Holland Publishers
Date of publication, distribution, etc. 2004
300 ## - PHYSICAL DESCRIPTION
Extent 96p.: ill.
350 ## -
-- 35.76
650 ## - SUBJECT ADDED ENTRY--TOPICAL TERM
Topical term or geographic name entry element AIKIDO
995 ## -
-- MEDICAL LIBRARY OPEN ACCESS
-- 903151
-- CBU-SCHOOL OF MEDICINE LIBRARY (Ndola)
-- 35.76
-- GV 1114.35 All
-- 1
-- AVAILABLE
-- Sep 1, 2015
-- 903151
-- Medical Library Open Access Collection
999 ## -
-- 30720
-- 30720
Holdings
Withdrawn status Lost status Source of classification or shelving scheme Damaged status Not for loan Permanent Location Current Location Shelving location Date acquired Total Checkouts Full call number Barcode Date last seen Price effective from Koha item type
          CBU-SCHOOL OF MEDICINE LIBRARY, NDOLA. CBU-SCHOOL OF MEDICINE LIBRARY, NDOLA.   11/30/2022   GV 1114.35 All 903151 11/30/2022 11/30/2022 MONOGRAPH